[Event "DVM U16w 2024"]
[Site "Neumünster GER"]
[Date "2024.12.28"]
[Round "4"]
[White "Rafikova, Ailin"]
[Black "Bakó, Isabella"]
[Result "1/2-1/2"]
[Termination "normal"]
[Board "5.1"]
[WhiteElo "1735"]
[BlackElo "1600"]
[WhiteClock "00:25:36"]
[BlackClock "00:15:57"]
[WhiteTeam "Schachzwerge Magdeburg"]
[BlackTeam "SV Stuttgart-Wolfbusch 1956"]
[PlyCount "68"]
[WhiteFideId "34612173"]
[BlackFideId "16287266"]
[EventCountry "GER"]
[EventRounds "7"]
[EventType "team-swiss"]
[EventDate "2024.12.26"]

1. e4 {[%clk 01:30:58]} c5 {[%clk 01:30:54]} {[%emt 00:00:07]} 2. Nc3 {[%clk
01:31:24]} {[%emt 00:00:03]} Nc6 {[%clk 01:31:15]} {[%emt 00:00:10]} 3. g3
{[%clk 01:31:51]} {[%emt 00:00:03]} g6 {[%clk 01:31:33]} {[%emt 00:00:12]} 4.
Bg2 {[%clk 01:32:17]} {[%emt 00:00:04]} Bg7 {[%clk 01:31:50]} {[%emt 00:00:12]}
5. d3 {[%clk 01:32:41]} {[%emt 00:00:07]} e6 {[%clk 01:32:01]} {[%emt
00:00:19]} 6. Nge2 {[%clk 01:32:52]} {[%emt 00:00:18]} Nge7 {[%clk 01:30:59]}
{[%emt 00:01:33]} 7. Bg5 {[%clk 01:31:26]} {[%emt 00:01:55]} O-O {[%clk
01:28:17]} {[%emt 00:03:13]} 8. O-O {[%clk 01:30:13]} {[%emt 00:01:43]} d6
{[%clk 01:24:44]} {[%emt 00:04:03]} 9. Qd2 {[%clk 01:29:36]} {[%emt 00:01:07]}
Nd4 {[%clk 01:22:51]} {[%emt 00:02:23]} 10. Nd1 {[%clk 01:27:56]} {[%emt
00:02:10]} Rb8 {[%clk 01:17:28]} {[%emt 00:05:53]} 11. a4 {[%clk 01:23:01]}
{[%emt 00:05:25]} Bd7 {[%clk 01:11:55]} {[%emt 00:06:02]} 12. Ra3 {[%clk
01:17:49]} {[%emt 00:05:43]} a6 {[%clk 01:07:58]} {[%emt 00:04:28]} 13. c3
{[%clk 01:16:54]} {[%emt 00:01:24]} Nxe2+ {[%clk 01:07:58]} {[%emt 00:00:29]}
14. Qxe2 {[%clk 01:17:11]} {[%emt 00:00:14]} Bc6 {[%clk 01:02:45]} {[%emt
00:05:43]} 15. Qd2 {[%clk 01:12:59]} {[%emt 00:04:41]} Qd7 {[%clk 01:00:30]}
{[%emt 00:02:46]} 16. b3 {[%clk 01:08:36]} {[%emt 00:04:53]} d5 {[%clk
00:54:00]} {[%emt 00:07:00]} 17. Bxe7 {[%clk 01:01:59]} {[%emt 00:07:06]} Qxe7
{[%clk 00:54:22]} {[%emt 00:00:09]} 18. exd5 {[%clk 00:59:43]} {[%emt
00:02:46]} Bxd5 {[%clk 00:53:41]} {[%emt 00:01:10]} 19. Bxd5 {[%clk 00:59:49]}
{[%emt 00:00:23]} exd5 {[%clk 00:53:44]} {[%emt 00:00:28]} 20. Re1 {[%clk
00:57:13]} {[%emt 00:03:06]} Qd7 {[%clk 00:52:30]} {[%emt 00:01:44]} 21. Ra2
{[%clk 00:54:32]} {[%emt 00:03:11]} Rfe8 {[%clk 00:50:04]} {[%emt 00:02:56]}
22. f4 {[%clk 00:50:16]} {[%emt 00:04:47]} b5 {[%clk 00:41:10]} {[%emt
00:09:25]} 23. axb5 {[%clk 00:49:55]} {[%emt 00:00:49]} Rxe1+ {[%clk 00:38:30]}
{[%emt 00:03:11]} 24. Qxe1 {[%clk 00:50:18]} {[%emt 00:00:07]} Re8 {[%clk
00:35:12]} {[%emt 00:03:47]} 25. Qd2 {[%clk 00:45:03]} {[%emt 00:05:45]} axb5
{[%clk 00:32:47]} {[%emt 00:02:57]} 26. Qf2 {[%clk 00:40:40]} {[%emt 00:04:50]}
Qe7 {[%clk 00:30:38]} {[%emt 00:02:39]} 27. Kf1 {[%clk 00:39:21]} {[%emt
00:01:50]} d4 {[%clk 00:26:16]} {[%emt 00:04:52]} 28. c4 {[%clk 00:37:25]}
{[%emt 00:02:26]} bxc4 {[%clk 00:25:39]} {[%emt 00:01:07]} 29. bxc4 {[%clk
00:37:18]} {[%emt 00:00:36]} Qb7 {[%clk 00:24:49]} {[%emt 00:01:20]} 30. Qg2
{[%clk 00:28:37]} {[%emt 00:09:12]} Qb1 {[%clk 00:21:32]} {[%emt 00:03:48]} 31.
Qc2 {[%clk 00:26:47]} {[%emt 00:02:20]} Qb7 {[%clk 00:19:07]} {[%emt 00:02:54]}
32. Qg2 {[%clk 00:25:36]} {[%emt 00:01:41]} Qb1 {[%clk 00:15:57]} {[%emt
00:03:40]} 33. Qd2 {[%emt 00:06:56]} Re3 {[%emt 00:00:03]} 34. Qg2 {[%emt
00:00:02]} Re8 1/2-1/2

[Event "DVM U16w 2024"]
[Site "Neumünster GER"]
[Date "2024.12.28"]
[Round "4"]
[White "Schmidt, Sophie"]
[Black "Rössling, Laura Marie"]
[Result "0-1"]
[Termination "normal"]
[Board "5.2"]
[WhiteElo "1695"]
[BlackElo "1608"]
[WhiteClock "00:10:25"]
[BlackClock "00:23:23"]
[WhiteTeam "SV Stuttgart-Wolfbusch 1956"]
[BlackTeam "Schachzwerge Magdeburg"]
[PlyCount "110"]
[WhiteFideId "34682503"]
[BlackFideId "16289471"]
[EventCountry "GER"]
[EventRounds "7"]
[EventType "team-swiss"]
[EventDate "2024.12.26"]

1. d4 {[%clk 01:30:59]} {[%emt 01:01:32]} d5 {[%clk 01:30:51]} {[%emt
00:00:09]} 2. Nf3 {[%clk 01:31:21]} {[%emt 00:00:07]} Nf6 {[%clk 01:31:13]}
{[%emt 00:00:08]} 3. e3 {[%clk 01:31:40]} {[%emt 00:00:11]} c5 {[%clk
01:29:15]} {[%emt 00:02:28]} 4. b3 {[%clk 01:31:46]} {[%emt 00:00:25]} Nc6
{[%clk 01:29:13]} {[%emt 00:00:31]} 5. Bb2 {[%clk 01:31:53]} {[%emt 00:00:24]}
Bg4 {[%clk 01:28:14]} {[%emt 00:01:28]} 6. Be2 {[%clk 01:29:58]} {[%emt
00:02:25]} e6 {[%clk 01:27:12]} {[%emt 00:01:32]} 7. O-O {[%clk 01:28:38]}
{[%emt 00:01:50]} Bd6 {[%clk 01:24:40]} {[%emt 00:03:03]} 8. Nbd2 {[%clk
01:25:27]} {[%emt 00:03:41]} O-O {[%clk 01:22:04]} {[%emt 00:03:05]} 9. Ne5
{[%clk 01:24:20]} {[%emt 00:01:38]} Bxe2 {[%clk 01:19:12]} {[%emt 00:03:21]}
10.
Qxe2 {[%clk 01:24:40]} {[%emt 00:00:10]} Nd7 {[%emt 00:05:16]} 11. f4 {[%clk
01:20:00]} {[%emt 00:05:04]} Ncxe5 {[%clk 01:10:27]} {[%emt 00:04:36]} 12. dxe5
{[%clk 01:17:47]} {[%emt 00:02:43]} Be7 {[%clk 01:08:24]} {[%emt 00:02:32]} 13.
g4 {[%clk 01:10:31]} {[%emt 00:07:47]} f6 {[%clk 01:06:37]} {[%emt 00:02:17]}
14. exf6 {[%clk 00:57:54]} {[%emt 00:13:08]} Bxf6 {[%clk 01:05:41]} {[%emt
00:01:25]} 15. Bxf6 {[%clk 00:57:50]} {[%emt 00:00:34]} Qxf6 {[%clk 01:05:05]}
{[%emt 00:01:06]} 16. g5 {[%clk 00:49:18]} {[%emt 00:09:01]} Qg6 {[%clk
01:01:17]} {[%emt 00:04:18]} 17. Kh1 {[%clk 00:43:31]} {[%emt 00:06:18]} Qxc2
{[%clk 00:55:08]} {[%emt 00:06:39]} 18. Rfc1 {[%clk 00:36:47]} {[%emt
00:07:14]} Qb2 {[%clk 00:52:46]} {[%emt 00:02:52]} 19. a3 {[%emt 00:03:21]} b6
{[%clk 00:47:27]} {[%emt 00:05:46]} 20. Qd1 {[%clk 00:26:24]} {[%emt 00:07:59]}
g6 {[%clk 00:42:53]} {[%emt 00:05:10]} 21. Rc2 {[%clk 00:14:35]} {[%emt
00:12:18]} Qg7 {[%clk 00:42:54]} {[%emt 00:00:30]} 22. Rac1 {[%clk 00:13:43]}
{[%emt 00:01:22]} Rad8 {[%clk 00:41:21]} {[%emt 00:02:02]} 23. Qg4 {[%clk
00:12:02]} {[%emt 00:02:06]} e5 {[%clk 00:36:29]} {[%emt 00:05:27]} 24. Qe6+
{[%clk 00:05:32]} {[%emt 00:07:00]} Qf7 {[%clk 00:35:30]} {[%emt 00:01:30]} 25.
Qxf7+ {[%clk 00:05:18]} {[%emt 00:00:43]} Rxf7 {[%clk 00:35:48]} {[%emt
00:00:13]} 26. fxe5 {[%clk 00:04:21]} {[%emt 00:01:27]} Nxe5 {[%clk 00:35:57]}
{[%emt 00:00:20]} 27. e4 {[%clk 00:03:30]} {[%emt 00:01:21]} Nd3 {[%clk
00:30:33]} {[%emt 00:05:54]} 28. Rb1 {[%clk 00:01:40]} {[%emt 00:02:21]} Nf2+
{[%clk 00:30:29]} {[%emt 00:00:34]} 29. Kg2 {[%clk 00:01:47]} {[%emt 00:00:23]}
Nxe4 {[%clk 00:29:28]} {[%emt 00:01:30]} 30. Nxe4 {[%clk 00:02:09]} {[%emt
00:00:08]} dxe4 {[%clk 00:29:35]} {[%emt 00:00:24]} 31. Re2 {[%clk 00:02:13]}
{[%emt 00:00:25]} Rf5 {[%clk 00:24:19]} {[%emt 00:05:45]} 32. h4 {[%clk
00:01:50]} {[%emt 00:00:54]} Rd4 {[%clk 00:24:01]} {[%emt 00:00:48]} 33. Rbe1
{[%clk 00:01:09]} {[%emt 00:01:11]} Rf4 {[%clk 00:23:21]} {[%emt 00:01:10]} 34.
Re3 {[%clk 00:00:35]} {[%emt 00:01:05]} Rd3 {[%clk 00:15:10]} {[%emt 00:08:41]}
35. Rxe4 {[%clk 00:00:56]} {[%emt 00:00:09]} Rxe4 {[%clk 00:15:29]} {[%emt
00:00:11]} 36. Rxe4 {[%clk 00:01:21]} {[%emt 00:00:05]} Rxb3 {[%clk 00:15:40]}
{[%emt 00:00:18]} 37. a4 {[%clk 00:01:25]} {[%emt 00:00:26]} Rb4 {[%clk
00:14:05]} {[%emt 00:02:05]} 38. Re8+ {[%clk 00:01:04]} {[%emt 00:00:51]} Kf7
{[%clk 00:14:20]} {[%emt 00:00:15]} 39. Rc8 {[%clk 00:01:12]} {[%emt 00:00:23]}
Rxa4 {[%clk 00:12:19]} {[%emt 00:02:30]} 40. Rc7+ {[%clk 00:01:28]} {[%emt
00:00:15]} Ke6 {[%clk 00:12:15]} {[%emt 00:00:34]} 41. Rxh7 {[%clk 00:01:40]}
{[%emt 00:00:17]} Kf5 {[%clk 00:08:03]} {[%emt 00:04:42]} 42. Rf7+ {[%clk
00:28:12]} {[%emt 00:03:57]} Kg4 {[%clk 00:37:31]} {[%emt 00:01:02]} 43. Rg7
{[%clk 00:25:39]} {[%emt 00:03:03]} Kxh4 {[%clk 00:37:08]} {[%emt 00:00:54]}
44.
Rxg6 {[%clk 00:25:59]} {[%emt 00:00:10]} Rg4+ {[%emt 00:00:43]} 45. Kf3 {[%clk
00:25:43]} {[%emt 00:00:13]} Rxg5 {[%clk 00:36:58]} {[%emt 00:01:01]} 46. Rh6+
{[%clk 00:25:36]} {[%emt 00:00:36]} Rh5 {[%clk 00:37:16]} {[%emt 00:00:12]} 47.
Rg6 {[%clk 00:25:20]} {[%emt 00:00:45]} Rd5 {[%clk 00:35:31]} {[%emt 00:02:14]}
48. Rg7 {[%clk 00:23:05]} {[%emt 00:02:47]} c4 {[%clk 00:30:46]} {[%emt
00:05:15]} 49. Rg4+ {[%clk 00:22:13]} {[%emt 00:01:21]} Kh5 {[%clk 00:30:50]}
{[%emt 00:00:27]} 50. Rxc4 {[%clk 00:22:32]} {[%emt 00:00:12]} Rd7 {[%clk
00:29:50]} {[%emt 00:01:27]} 51. Rc8 {[%clk 00:19:53]} {[%emt 00:03:11]} Kg6
{[%clk 00:29:27]} {[%emt 00:00:53]} 52. Ke4 {[%clk 00:18:19]} {[%emt 00:02:04]}
Kf6 {[%clk 00:28:51]} {[%emt 00:01:06]} 53. Rf8+ {[%clk 00:14:58]} {[%emt
00:03:51]} Ke7 {[%clk 00:25:33]} {[%emt 00:03:47]} 54. Rc8 {[%clk 00:11:09]}
{[%emt 00:04:20]} Kd6 {[%clk 00:24:17]} {[%emt 00:01:47]} 55. Kd4 {[%clk
00:10:25]} {[%emt 00:01:13]} Rc7 {[%clk 00:23:23]} {[%emt 00:01:23]} 56. Rb8
{[%clk 00:08:18]} {[%emt 00:02:39]} Kc6 {[%clk 00:23:00]} {[%emt 00:00:51]} 57.
Kc4 {[%clk 00:08:22]} {[%emt 00:00:27]} a5 {[%clk 00:21:28]} {[%emt 00:02:02]}
58. Kb3 {[%clk 00:05:50]} {[%emt 00:03:02]} Kb5 {[%clk 00:20:04]} {[%emt
00:01:55]} 59. Ka3 {[%clk 00:03:52]} {[%emt 00:02:28]} Rh7 {[%clk 00:18:15]}
{[%emt 00:02:15]} 60. Rg8 {[%clk 00:03:30]} {[%emt 00:00:55]} Rh3+ {[%clk
00:18:11]} {[%emt 00:00:35]} 61. Kb2 {[%clk 00:03:33]} {[%emt 00:00:26]} Rd3
{[%clk 00:16:13]} {[%emt 00:02:27]} 62. Rg5+ {[%clk 00:02:06]} {[%emt
00:01:58]} Kc4 {[%clk 00:15:06]} {[%emt 00:01:37]} 63. Rg6 {[%clk 00:01:38]}
{[%emt 00:00:58]} b5 {[%clk 00:14:44]} {[%emt 00:00:52]} 64. Rc6+ {[%clk
00:01:30]} {[%emt 00:00:38]} Kb4 {[%clk 00:14:36]} {[%emt 00:00:38]} 65. Rh6
{[%clk 00:01:16]} {[%emt 00:00:44]} Rd4 {[%clk 00:14:37]} {[%emt 00:00:29]} 66.
Rh3 {[%clk 00:00:59]} {[%emt 00:00:47]} a4 {[%clk 00:14:28]} {[%emt 00:00:40]}
67. Rg3 {[%clk 00:01:17]} {[%emt 00:00:11]} Rf4 {[%clk 00:12:41]} {[%emt
00:02:17]} 68. Rh3 {[%clk 00:01:22]} {[%emt 00:00:25]} Rf2+ {[%clk 00:12:25]}
{[%emt 00:00:46]} 69. Kb1 {[%clk 00:01:39]} {[%emt 00:00:13]} a3 {[%clk
00:11:24]} {[%emt 00:01:31]} 70. Rh4+ {[%clk 00:01:28]} {[%emt 00:00:41]} Ka5
{[%clk 00:11:20]} {[%emt 00:00:34]} 71. Rh5 {[%clk 00:01:47]} {[%emt 00:00:11]}
Ka4 {[%clk 00:11:21]} {[%emt 00:00:29]} 72. Rh4+ {[%clk 00:00:35]} {[%emt
00:01:42]} b4 {[%clk 00:11:26]} {[%emt 00:00:25]} 73. Rh8 {[%clk 00:00:57]}
{[%emt 00:00:08]} Rf1+ {[%clk 00:10:23]} {[%emt 00:01:33]} 74. Kc2 {[%clk
00:00:40]} {[%emt 00:00:47]} b3+ {[%clk 00:10:17]} {[%emt 00:00:36]} 75. Kc3
{[%clk 00:00:52]} {[%emt 00:00:18]} Rc1+ {[%clk 00:10:17]} {[%emt 00:00:30]}
76.
Kd2 {[%clk 00:00:48]} {[%emt 00:00:34]} b2 {[%clk 00:10:19]} {[%emt 00:00:28]}
77. Ra8+ {[%clk 00:00:35]} {[%emt 00:00:43]} Kb3 {[%clk 00:10:32]} {[%emt
00:00:17]} 0-1

[Event "DVM U16w 2024"]
[Site "Neumünster GER"]
[Date "2024.12.28"]
[Round "4"]
[White "Hoffmann, Svenja"]
[Black "Schmidt, Emelie"]
[Result "1/2-1/2"]
[Termination "normal"]
[Board "5.3"]
[WhiteElo "1645"]
[BlackElo "1545"]
[WhiteClock "00:10:29"]
[BlackClock "00:19:22"]
[WhiteTeam "Schachzwerge Magdeburg"]
[BlackTeam "SV Stuttgart-Wolfbusch 1956"]
[PlyCount "105"]
[WhiteFideId "16287312"]
[BlackFideId "34682490"]
[EventCountry "GER"]
[EventRounds "7"]
[EventType "team-swiss"]
[EventDate "2024.12.26"]

1. e4 {[%clk 01:30:58]} {[%emt 00:00:01]} d5 {[%clk 01:30:54]} {[%emt
00:00:07]} 2. exd5 {[%clk 01:31:16]} {[%emt 00:00:12]} Qxd5 {[%clk 01:31:15]}
{[%emt 00:00:08]} 3. Nc3 {[%clk 01:31:33]} {[%emt 00:00:13]} Qa5 {[%clk
01:31:37]} {[%emt 00:00:09]} 4. Nf3 {[%clk 01:31:33]} {[%emt 00:00:29]} Nf6
{[%clk 01:31:58]} {[%emt 00:00:09]} 5. d4 {[%clk 01:31:11]} {[%emt 00:00:52]}
Bf5 {[%clk 01:32:16]} {[%emt 00:00:12]} 6. Bd2 {[%clk 01:31:23]} {[%emt
00:00:18]} c6 {[%clk 01:32:14]} {[%emt 00:00:32]} 7. Bc4 {[%clk 01:31:34]}
{[%emt 00:00:19]} Nbd7 {[%clk 01:31:59]} {[%emt 00:00:45]} 8. Bb3 {[%clk
01:29:03]} {[%emt 00:03:01]} Qc7 {[%clk 01:30:58]} {[%emt 00:01:31]} 9. Qe2
{[%clk 01:28:18]} {[%emt 00:01:15]} e6 {[%clk 01:30:39]} {[%emt 00:00:49]} 10.
O-O-O {[%clk 01:20:29]} {[%emt 00:08:19]} Bd6 {[%clk 01:30:26]} {[%emt
00:00:43]} 11. h3 {[%clk 01:17:47]} {[%emt 00:03:12]} O-O {[%clk 01:28:53]}
{[%emt 00:02:03]} 12. g4 {[%clk 01:16:53]} {[%emt 00:01:24]} Bg6 {[%clk
01:27:50]} {[%emt 00:01:33]} 13. Nh4 {[%clk 01:16:19]} {[%emt 00:01:04]} b5
{[%clk 01:25:22]} {[%emt 00:02:58]} 14. Nxg6 {[%clk 01:12:58]} {[%emt
00:03:51]} hxg6 {[%clk 01:25:18]} {[%emt 00:00:34]} 15. h4 {[%clk 01:11:25]}
{[%emt 00:02:02]} Rfb8 {[%clk 01:23:07]} {[%emt 00:02:42]} 16. h5 {[%clk
01:10:44]} {[%emt 00:01:11]} Nf8 {[%clk 01:23:02]} {[%emt 00:00:35]} 17. Ne4
{[%clk 01:07:36]} {[%emt 00:03:38]} Be7 {[%clk 01:20:15]} {[%emt 00:03:17]} 18.
f4 {[%clk 00:59:27]} {[%emt 00:08:39]} Qd7 {[%clk 01:17:00]} {[%emt 00:03:46]}
19. hxg6 {[%clk 00:56:38]} {[%emt 00:03:18]} Nxg6 {[%clk 01:16:12]} {[%emt
00:01:17]} 20. Ng5 {[%clk 00:41:12]} {[%emt 00:15:57]} Nd5 {[%clk 01:02:38]}
{[%emt 00:14:04]} 21. f5 {[%clk 00:31:23]} {[%emt 00:10:19]} exf5 {[%clk
01:01:02]} {[%emt 00:02:06]} 22. Qh2 {[%clk 00:30:17]} {[%emt 00:01:35]} Bxg5
{[%clk 00:54:04]} {[%emt 00:07:29]} 23. Bxg5 {[%clk 00:30:20]} {[%emt
00:00:26]} f6 {[%clk 00:53:20]} {[%emt 00:01:15]} 24. Bf4 {[%clk 00:16:02]}
{[%emt 00:14:48]} Re8 {[%clk 00:47:58]} {[%emt 00:05:52]} 25. gxf5 {[%clk
00:11:47]} {[%emt 00:04:45]} Ngxf4 {[%clk 00:37:57]} {[%emt 00:10:32]} 26. Qxf4
{[%clk 00:11:42]} {[%emt 00:00:34]} Kf7 {[%clk 00:37:03]} {[%emt 00:01:24]} 27.
Rh7 {[%clk 00:08:31]} {[%emt 00:03:40]} Rh8 {[%clk 00:36:39]} {[%emt 00:00:54]}
28. Rdh1 {[%clk 00:07:03]} {[%emt 00:01:58]} Rxh7 {[%clk 00:36:09]} {[%emt
00:01:00]} 29. Rxh7 {[%clk 00:07:19]} {[%emt 00:00:15]} a5 {[%clk 00:30:18]}
{[%emt 00:06:21]} 30. Qg4 {[%clk 00:06:42]} {[%emt 00:01:05]} Rg8 {[%clk
00:30:16]} {[%emt 00:00:33]} 31. Bxd5+ {[%clk 00:05:45]} {[%emt 00:01:27]} Qxd5
{[%clk 00:30:13]} {[%emt 00:00:33]} 32. Rh3 {[%clk 00:03:32]} {[%emt 00:02:43]}
Qxa2 {[%clk 00:28:44]} {[%emt 00:02:00]} 33. Re3 {[%clk 00:03:00]} {[%emt
00:01:01]} Rf8 {[%clk 00:23:09]} {[%emt 00:06:05]} 34. Qh5+ {[%clk 00:02:45]}
{[%emt 00:00:45]} Kg8 {[%clk 00:23:08]} {[%emt 00:00:32]} 35. Rh3 {[%clk
00:02:58]} {[%emt 00:00:16]} Qa1+ {[%clk 00:16:33]} {[%emt 00:07:05]} 36. Kd2
{[%clk 00:03:21]} {[%emt 00:00:08]} Qg1 {[%clk 00:16:07]} {[%emt 00:00:56]} 37.
Qh7+ {[%clk 00:02:38]} {[%emt 00:01:12]} Kf7 {[%clk 00:16:27]} {[%emt
00:00:10]} 38. Qh5+ {[%clk 00:02:48]} {[%emt 00:00:20]} Ke7 {[%clk 00:16:18]}
{[%emt 00:00:40]} 39. Re3+ {[%clk 00:03:06]} {[%emt 00:00:11]} Kd7 {[%clk
00:16:34]} {[%emt 00:00:15]} 40. Qe2 {[%clk 00:03:28]} {[%emt 00:00:08]} Qg5
{[%clk 00:16:01]} {[%emt 00:01:03]} 41. Kc3 {[%clk 00:29:28]} {[%emt 00:04:29]}
Rf7 {[%clk 00:44:56]} {[%emt 00:01:35]} 42. Qf3 {[%clk 00:28:49]} {[%emt
00:01:09]} Qh4 {[%clk 00:40:34]} {[%emt 00:04:51]} 43. Re6 {[%clk 00:28:13]}
{[%emt 00:01:07]} Kd8 {[%clk 00:34:03]} {[%emt 00:07:01]} 44. Rxc6 {[%clk
00:26:53]} {[%emt 00:01:50]} Rd7 {[%clk 00:31:58]} {[%emt 00:02:36]} 45. Qe3
{[%clk 00:26:01]} {[%emt 00:01:21]} Qh1 {[%clk 00:29:55]} {[%emt 00:02:33]} 46.
Rc5 {[%clk 00:24:36]} {[%emt 00:01:55]} b4+ {[%clk 00:28:40]} {[%emt 00:01:46]}
47. Kb3 {[%clk 00:24:33]} {[%emt 00:00:32]} Rd5 {[%clk 00:24:15]} {[%emt
00:04:53]} 48. Qd3 {[%clk 00:17:47]} {[%emt 00:07:18]} Qg2 {[%emt 00:03:01]}
49.
Ka4 {[%clk 00:17:07]} {[%emt 00:01:07]} Qh1 {[%clk 00:20:49]} {[%emt 00:01:28]}
50. Kxa5 {[%clk 00:15:38]} {[%emt 00:01:59]} Qa1+ {[%clk 00:20:55]} {[%emt
00:00:24]} 51. Kb5 {[%clk 00:16:01]} {[%emt 00:00:08]} Rd7 {[%clk 00:20:27]}
{[%emt 00:00:57]} 52. Kc4 {[%clk 00:12:17]} {[%emt 00:04:13]} Qxb2 {[%clk
00:19:22]} {[%emt 00:01:36]} 53. Rd5 {[%clk 00:10:29]} {[%emt 00:02:18]} Qa2+
{[%clk 00:19:10]} {[%emt 00:00:42]} 54. Qb3 {[%clk 00:10:51]} {[%emt 00:00:09]}
Qa6+ {[%clk 00:18:30]} {[%emt 00:01:10]} 55. Kxb4 {[%clk 00:10:38]} {[%emt
00:00:42]} Qb6+ {[%clk 00:18:35]} {[%emt 00:00:25]} 56. Rb5 {[%clk 00:09:55]}
{[%emt 00:01:13]} Qxd4+ {[%clk 00:18:29]} {[%emt 00:00:37]} 57. Qc4 {[%clk
00:09:39]} {[%emt 00:00:45]} Qd2+ {[%clk 00:17:04]} {[%emt 00:01:55]} 58. Kb3
{[%clk 00:09:27]} {[%emt 00:00:41]} Qe3+ {[%clk 00:16:32]} {[%emt 00:01:03]}
59.
c3 {[%clk 00:08:31]} {[%emt 00:01:26]} Qe1 {[%clk 00:13:39]} {[%emt 00:03:22]}
60. Rb8+ {[%clk 00:08:23]} {[%emt 00:00:39]} Ke7 {[%clk 00:13:48]} {[%emt
00:00:21]} 61. Qc5+ {[%clk 00:08:32]} {[%emt 00:00:21]} Rd6 {[%clk 00:12:59]}
{[%emt 00:01:20]} 62. Rb7+ {[%clk 00:08:11]} {[%emt 00:00:50]} Ke8 {[%clk
00:13:16]} {[%emt 00:00:13]} 63. Qc8+ {[%clk 00:06:28]} {[%emt 00:02:13]} Rd8
{[%clk 00:13:23]} {[%emt 00:00:24]} 64. Qc6+ {[%clk 00:06:19]} {[%emt
00:00:38]} Kf8 {[%clk 00:13:30]} {[%emt 00:00:24]} 65. Qc5+ {[%clk 00:06:26]}
{[%emt 00:00:22]} Kg8 {[%clk 00:13:34]} {[%emt 00:00:26]} 66. Rxg7+ {[%clk
00:03:46]} {[%emt 00:03:10]} Kxg7 {[%clk 00:13:31]} {[%emt 00:00:34]} 67. Qc7+
{[%clk 00:04:08]} {[%emt 00:00:08]} Kh6 {[%clk 00:13:52]} {[%emt 00:00:08]} 68.
Qxd8 {[%clk 00:04:12]} {[%emt 00:00:27]} Qb1+ {[%clk 00:14:10]} {[%emt
00:00:12]} 69. Kc4 {[%clk 00:04:29]} {[%emt 00:00:12]} Qxf5 {[%clk 00:14:16]}
{[%emt 00:00:24]} 70. Qh8+ {[%clk 00:04:42]} {[%emt 00:00:17]} Kg5 {[%clk
00:14:18]} {[%emt 00:00:28]} 71. Qg8+ {[%clk 00:05:05]} {[%emt 00:00:07]} Kf4
{[%clk 00:14:18]} {[%emt 00:00:30]} 72. Qb8 {[%clk 00:05:30]} {[%emt 00:00:06]}
Kg4 {[%clk 00:14:23]} {[%emt 00:00:25]} 73. Qg8 {[%clk 00:05:35]} {[%emt
00:00:24]} Kf3 {[%clk 00:13:11]} {[%emt 00:01:41]} 74. Qd5+ {[%clk 00:05:30]}
{[%emt 00:00:36]} Qe4+ {[%clk 00:12:31]} {[%emt 00:01:11]} 75. Kc5 {[%clk
00:05:47]} {[%emt 00:00:12]} f5 {[%clk 00:12:31]} {[%emt 00:00:30]} 76. Qd1+
{[%clk 00:05:03]} {[%emt 00:01:14]} Qe2 {[%clk 00:12:34]} {[%emt 00:00:27]} 77.
Qh1+ {[%clk 00:04:29]} {[%emt 00:01:04]} Kg3 {[%clk 00:12:29]} {[%emt
00:00:35]} 78. Qg1+ {[%clk 00:04:50]} {[%emt 00:00:09]} Kf3 {[%clk 00:12:22]}
{[%emt 00:00:37]} 79. Qh1+ {[%clk 00:05:03]} {[%emt 00:00:17]} Qg2 {[%clk
00:12:03]} {[%emt 00:00:50]} 80. Qd1+ {[%clk 00:03:57]} {[%emt 00:01:35]} Kg3
{[%clk 00:11:55]} {[%emt 00:00:37]} 81. Qe1+ {[%clk 00:02:58]} {[%emt
00:01:30]} Qf2+ {[%clk 00:11:49]} {[%emt 00:00:37]} 82. Qxf2+ {[%clk 00:03:21]}
{[%emt 00:00:07]} Kxf2 {[%clk 00:12:12]} {[%emt 00:00:06]} 83. Kd6 {[%clk
00:03:44]} {[%emt 00:00:06]} Ke3 {[%clk 00:12:11]} {[%emt 00:00:32]} 84. c4
{[%clk 00:04:07]} {[%emt 00:00:08]} 1/2-1/2